00404nam a2200121Ia 4500008004100000024004100041082001600082100005500098245004500153260002500198600002100223650003800244250506s9999 xx 000 0 und d a10B-85-BS, 10B-83-BS & 08B-14-BS a005.072 MUH aMuhammad Usman Nasir, Affan Uddin & Rizwan Manzoor 0aCancer Identification System (code book) aKarachi:bUIT,c2010 aComputer Science aBachelor of Computer Science (BS)